Filmographie Wes Craven : 2024 - Statistiques

Statistiques générales
  • Ce quiz a été pris 19 fois
  • Le résultat moyen est 8 sur 22
Statistiques - réponses
Année de sortie Films % Correct
1996 Scream
93%
1997 Scream 2
93%
2000 Scream 3
93%
2011 Scream 4
87%
1977 La colline a des yeux
67%
1984 Les Griffes de la nuit
67%
1972 La Dernière Maison sur la gauche
53%
2010 My Soul to Take
33%
1984 La colline a des yeux 2
27%
2005 Red Eye : Sous haute pression
27%
2005 Cursed
20%
1994 Freddy sort de la nuit
20%
1986 L'Amie mortelle
20%
1989 Shocker
20%
1982 La Créature du marais
13%
1981 La Ferme de la terreur
13%
1988 L'Emprise des ténèbres
13%
1991 Le Sous-sol de la peur
13%
1995 Un vampire à Brooklyn
13%
1999 La Musique de mon cœur
7%
2006 Paris, je t'aime
7%
1975 The Fireworks Woman
7%
Aucun quiz correspondant
Distribution des résultats
% des personnes avec chaque résultat
Percentile par nombre de réponses
Votre historique - résultats
Vous n’avez pas pris ce quiz